00663 2200241 4500001002100000005001500021035002000036007000300056008004100059020001800100082001000118084001600128100001100144245009300155260003500248300003500283650002600318700001400344520003000358520001100388990001100399990001100410INLIS00000000000455720191202100804 a0010-1219000009ta191202 g 0 ind  a602-8252-09-3 a302.2 a302.2 PAW k0 aPAWITO1 aKomunikasi Politik :bMedia Massa dan Kampanye Pemilihan /cPawito; penyunting, Dadang R aYogyakarta :bJalasutra,c2018 axi, 307 hlm. :bilus. ;c21 cm 4aSOSIOLOGI. KOMUNIKASI0 aDADANG, R aBibliografi: hlm. 291-299 aindeks a7215 a a7215 b